Neziskové organizace jako průkopníci na cestě do Evropské unie

Vymedzenie pojmov nezisková organizácia a neziskový sektor. Znaky neziskových organizácií. Úloha neziskových organizácií v procese integrácie.

Salvato in:
Dettagli Bibliografici
Autore principale: Šedivý, Marek
Natura: Capitolo di libro
Lingua:ceco
Soggetti:
Tags: Aggiungi Tag
Nessun Tag, puoi essere il primo ad aggiungerne!!

MARC

LEADER 00000naa a2200000 4500
001 r043473
005 20230927121316.7
041 0 |a cze 
044 |a CZ 
245 1 0 |a Neziskové organizace jako průkopníci na cestě do Evropské unie  |c Marek Šedivý 
520 |a Vymedzenie pojmov nezisková organizácia a neziskový sektor. Znaky neziskových organizácií. Úloha neziskových organizácií v procese integrácie. 
610 2 0 |a organizácie neziskové 
610 2 0 |a sektor terciárny 
610 2 0 |a Európska únia 
610 2 0 |a Česko 
610 2 0 |a koncepcie 
610 2 0 |a integrácia ekonomická medzinárodná 
100 1 |a Šedivý, Marek